Harold's fairy tale : further adventures with the purple crayon /

With his purple crayon, Harold draws his way into an enchanted garden troubled by a giant witch.

Bibliographic Details
Main Author: Johnson, Crockett, 1906-1975
Format: Book
Language:English
Published: New York : HarperCollins, [1956]
Subjects:

MARC

Tag First Indicator Second Indicator Subfields
LEADER 00000cam a22000001 4500
001 in00002780169
005 20150922120634.0
008 750602s1956 nyua j 000 0 eng
010 |a  56008147  
035 |a (OCoLC)ocm01501832 
040 |a DLC  |c DLC  |d UtOrBLW 
042 |a lcac 
049 |a TXAM 
050 0 0 |a PZ7.J63162  |b Har 1956 
082 0 0 |a [E] 
100 1 |a Johnson, Crockett,  |d 1906-1975. 
245 1 0 |a Harold's fairy tale :  |b further adventures with the purple crayon /  |c by Crockett Johnson. 
264 1 |a New York :  |b HarperCollins,  |c [1956] 
264 4 |c ©1956 
300 |a 1 volume (unpaged) :  |b illustrations ;  |c 16 cm. 
336 |a text  |b txt  |2 rdacontent 
337 |a unmediated  |b n  |2 rdamedia 
338 |a volume  |b nc  |2 rdacarrier 
520 |a With his purple crayon, Harold draws his way into an enchanted garden troubled by a giant witch. 
650 1 |a Fairy tales. 
650 1 |a Fantasy. 
650 0 |a Fairy tales. 
650 0 |a Fantasy. 
945 |a PromptCat  |b 30976 
946 |a curr 
947 |a A14835997077 
948 |a cataloged  |b h  |c 2012/10/3  |d c  |e dmitchel  |f 9:50:30 am 
994 |a 92  |b TXA 
999 |a MARS 
999 f f |s 7cc7db07-e536-3351-865c-05ea53bd10e5  |i 73e8bac7-a53f-3db3-a7df-bd6e029343de  |t 0 
952 f f |p normal  |a Texas A&M University  |b College Station  |c Sterling C. Evans Library  |d Evans: Curriculum Collection (4th floor)  |t 0  |e PZ7.J63162 Har 1956  |h Library of Congress classification  |i unmediated -- volume  |m A14835997077 
998 f f |a PZ7.J63162 Har 1956  |t 0  |l Evans: Curriculum Collection (4th floor)